Southville International School and Colleges
Your cart is empty.
  • Cart
  • Lists
    Public lists Eva Luna New books Lux_list list_1
    Your lists Log in to create your own lists
  • Log in to your account
  • Your cookies
  • Search history
Southville International School and Colleges
  • Advanced search
  • Recent comments
  • Most popular
  • Libraries

Log in to your account

Log in with GOOGLE


If you do not have an external account, but do have a local account, you can still log in:

  1. Home
  2. MARC view: Connecting inquiry and professional learning in education :
Normal view MARC view ISBD view

Connecting inquiry and professional learning in education : (Record no. 24582)

[ view plain ]
MARC details
000 -LEADER
fixed length control field 00779nam a2200217 a 4500
005 - DATE AND TIME OF LATEST TRANSACTION
control field 20140310183529.0
008 - FIXED-LENGTH DATA ELEMENTS--GENERAL INFORMATION
fixed length control field 111011s19uu xx 00 eng d
010 ## - LIBRARY OF CONGRESS CONTROL NUMBER
LC control number 2009003490
020 ## - INTERNATIONAL STANDARD BOOK NUMBER
International Standard Book Number 9780415478137
050 ## - LIBRARY OF CONGRESS CALL NUMBER
Classification number LB 1707
Item number .C35 2010
245 ## - TITLE STATEMENT
Title Connecting inquiry and professional learning in education :
Remainder of title international perspectives and practical solutions /
Statement of responsibility, etc edited by Anne Campbell and Susan Groundwater-Smith.
260 ## - PUBLICATION, DISTRIBUTION, ETC. (IMPRINT)
Place of publication, distribution, etc London ; New York :
Name of publisher, distributor, etc Routledge,
Date of publication, distribution, etc 2010.
300 ## - PHYSICAL DESCRIPTION
Extent xiv, 210 p. :
Other physical details ill. ;
Dimensions 25 cm.
500 ## - GENERAL NOTE
General note Includes bibliographical references and index.
521 ## - TARGET AUDIENCE NOTE
Target audience note
650 ## - SUBJECT ADDED ENTRY--TOPICAL TERM
Topical term or geographic name as entry element Teachers --Training of
650 ## - SUBJECT ADDED ENTRY--TOPICAL TERM
Topical term or geographic name as entry element Inquiry-based learning
700 ## - ADDED ENTRY--PERSONAL NAME
Personal name Groundwater-Smith, Susan, edited by
942 ## - ADDED ENTRY ELEMENTS (KOHA)
Koha item type Books
Source of classification or shelving scheme Library of Congress Classification
Call number prefix Foreign
Holdings
Withdrawn status Lost status Source of classification or shelving scheme Damaged status Home library Current library Shelving location Date acquired Source of acquisition Cost, normal purchase price Total Checkouts Total Renewals Full call number Barcode Date last seen Date checked out Copy number Price effective from Koha item type
    Library of Congress Classification   College Library College Library General Circulation Section 10/11/2011 Donation 2845.00 1 3 LB 1707 .C35 2010 C12811 05/15/2018 06/11/2014 1 10/18/2013 Books

Connecting inquiry and professional learning in education :

APA

Groundwater-Smith S. e. b., . (2010). Connecting inquiry and professional learning in education. London ; New York: Routledge.

Chicago

Groundwater-Smith Susan edited by, . 2010. Connecting inquiry and professional learning in education. London ; New York: Routledge.

Harvard

Groundwater-Smith S. e. b., . (2010). Connecting inquiry and professional learning in education. London ; New York: Routledge.

MLA

Groundwater-Smith Susan edited by, . Connecting inquiry and professional learning in education. London ; New York: Routledge. 2010.

  • Place hold
  • Print
  • Cite
  • Add to your cart (remove)
  • Save record
    BIBTEX Dublin Core MARCXML MARC (non-Unicode/MARC-8) MARC (Unicode/UTF-8) MARC (Unicode/UTF-8, Standard) MODS (XML) RIS
  • More searches
    Search for this title in:
    Other Libraries (WorldCat) Other Databases (Google Scholar) Online Stores (Bookfinder.com) Open Library (openlibrary.org)

Exporting to Dublin Core...

SOUTHVILLE LIBRARY

Southville International School and Colleges Library

1281 Tropical Ave. Cor. Luxembourg St., BF Homes International, Las Pinas City

Tel. No. 8256374 / 252358 Loc. 117/146

Powered by Koha